| 000 | 01081nac a22001931u 4500 | ||
|---|---|---|---|
| 008 | 101111s2007 xxu||||| |||| 00| 0 ara d | ||
| 082 |
_a370.95694 _bع س ك |
||
| 245 |
_aعسكرة التعليم فى إسرائيل / _cتحرير حجيت جور ؛ ترجمة وتعليق يحيى محمد عبد الله إسماعيل |
||
| 260 |
_aالقاهرة : _bمركز الدراسات الشرقية ،2007 _c2007. |
||
| 300 |
_a148 ص ؛ _bايض : _c24 سم. |
||
| 490 | 0 |
_921169 _a ؛ سلسلة الدراسات الدينية والتاريخية _n34 |
|
| 504 | _aيشتمل على إرجاعات ببليوجرافية | ||
| 511 | _aCatalogued by: Sara | ||
| 650 |
_aالتعليم _921170 _zإسرائيل |
||
| 700 |
_aجور ، حجيت _921168 _eتحرير |
||
| 700 |
_aإسماعيل ، يحيى محمد عبد الله _921171 _eترجمة وتعليق |
||
| 942 |
_cBB _k370 ع س ك _2ddc |
||
| 999 |
_c8172 _d8172 |
||